Joueur du PSG depuis 2010 - Statistiques

Statistiques générales
  • Ce quiz a été pris 101 fois
    18 depuis la dernière actualisation
  • Le résultat moyen est 58 sur 169
Statistiques - réponses
poste nationalité nombre de match en acticité âge actuel année joueur % Correct
attaquant France 126 matchs oui 28 ans 2023- Ousmane Dembélé
88%
attaquant France 93 matchs oui 20 ans 2024- Désiré Doué
81%
milieu France 5 matchs oui 19 ans 2023-2024 Ethan Mbappé
81%
gardien Italie 161 matchs oui 27 ans 2021-2025 Gianluigi Donnarumma
81%
attaquant France 308 matchs oui 27 ans 2017-2024 Kylian Mbappé
81%
attaquant Argentine 75 matchs oui 38 ans 2021-2023 Lionel Messi
81%
attaquant Uruguay 301 matchs oui 39 ans 2013-2020 Edinson Cavani
75%
gardien Allemagne 91 matchs oui 35 ans 2015-2019 Kevin Trapp
75%
gardien Russie 34 matchs oui 27 ans 2024- Matveï Safonov
75%
milieu Brésil 173 matchs oui 34 ans 2017-2023 Neymar
75%
attaquant Suède 180 marchs conseiller 44 ans 2012-2016 Zlatan Ibrahimović
75%
gardien France 107 matchs oui 33 ans 2013-2022 Alphonse Areola
69%
milieu France 295 matchs non 38 ans 2011-2017 Blaise Matuidi
69%
gardien Italie 25 matchs non 48 ans 2018-2019 Gianluigi Buffon
69%
attaquant Portugal 125 matchs oui 24 ans 2023- Gonçalo Ramos
69%
milieu Portugal 87 matchs oui 21 ans 2024- João Neves
69%
milieu Italie 416 matchs oui 33 ans 2012-2023 Marco Verratti
69%
défenseur Brésil 515 matchs oui 31 ans 2013- Marquinhos
69%
défenseur Portugal 171 matchs oui 23 ans 2021- Nuno Mendes
69%
défenseur Espagne 58 matchs oui 40 ans 2021-2023 Sergio Ramos
69%
défenseur Maroc 200 matchs oui 27 ans 2021- Achraf Hakimi
63%
attaquant Argentine 295 matchs oui 38 ans 2015-2022 Ángel Di María
63%
attaquant Argentine 161 matchs non 40 ans 2012-2016 Ezequiel Lavezzi
63%
gardien Costa Rica 114 matchs oui 39 ans 2019-2024 Keylor Navas
63%
défenseur France 96 matchs oui 30 ans 2023- Lucas Hernandez
63%
défenseur France 241 matchs oui 30 ans 2014-2025 Presnel Kimpembe
63%
gardien Italie 190 matchs oui 39 ans 2011-2017 Salvatore Sirigu
63%
défenseur Brésil 315 matchs oui 41 ans 2012-2020 Thiago Silva
63%
milieu Portugal 196 matchs oui 26 ans 2022- Vitinha
63%
défenseur France 198 matchs non 42 ans 2009-2014 Christophe Jallet
56%
milieu France 249 matchs directeur sportif 38 ans 2006-2015 Clément Chantome
56%
milieu Angleterre 14 matchs non 50 ans 2013-2013 David Beckham
56%
attaquant Corée du Sud 119 matchs oui 25 ans 2023- Lee Kang-in
56%
défenseur France 201 matchs non 36 ans 2007-2013 Mamadou Sakho
56%
défenseur Brésil 214 matchs non 44 ans 2012-2017 Maxwell
56%
milieu France 174 matchs oui 20 ans 2022- Warren Zaïre-Emery
56%
défenseur France 224 matchs entraineur 47 ans 2007-2015 Zoumana Camara
56%
défenseur Brésil 92 matchs non 43 ans 2012-2014 Alex
50%
attaquant France 141 matchs oui 23 ans 2023- Bradley Barcola
50%
milieu Espagne 157 matchs oui 30 ans 2022- Fabian Ruiz
50%
attaquant Portugal 13 matchs oui 29 ans 2017-2018 Gonçalo Guedes
50%
défenseur Pays-Bas 132 matchs non 38 ans 2012-2016 Grégory Van Der Wiel
50%
milieu Argentine 269 matchs non 36 ans 2011-2018 Javier Pastore
50%
défenseur Brésil 77 matchs oui 22 ans 2024- Lucas Beraldo
50%
gardien Pologne 2 match oui 26 ans 2019-2022 Marcin Bulka
50%
défenseur Slovaquie 37 matchs oui 31 ans 2023-2025 Milan Škriniar
50%
milieu France 75 matchs oui 19 ans 2024- Senny Mayulu
50%
milieu Italie 231 matchs entraineur 43 ans 2012-2018 Thiago Motta
50%
défenseur Belgique 128 matchs oui 34 ans 2016-2020 Thomas Meunier
50%
défenseur Equateur 93 matchs oui 24 ans 2024- Willian Pacho
50%
milieu France 57 matchs directeur sportif 40 ans 2014-2015 Yohan Cabaye
50%
défenseur Brésil 73 matchs non 42 ans 2017-2019 Dani Alves
44%
défenseur Brésil 89 matchs oui 38 ans 2014-2016 David Luiz
44%
milieu Pologne 19 matchs non 36 ans 2016-2019 Grzegorz Krychowiak
44%
milieu Sénégal 111 matchs oui 36 ans 2019-2022 Idrissa Gueye
44%
attaquant Allemagne 198 matchs oui 32 ans 2017-2023 Julian Draxler
44%
milieu Argentine 117 matchs oui 31 ans 2019-2023 Leandro Paredes
44%
gardien France 26 matchs oui 24 ans 2025- Lucas Chevalier
44%
attaquant Brésil 229 matchs oui 33 ans 2013-2018 Lucas Moura
44%
gardien France 43 matchs entraineur 45 ans 2011-2016 Nicolas Douchez
44%
défenseur Cote d'Ivoire 77 matchs non 33 ans 2014-2017 Serge Aurier
44%
gardien Espagne 33 matchs oui 32 ans 2019-2024 Sergio Rico
44%
milieu Pays-bas 11 matchs oui 22 ans 2021-20222023-2025 Xavi Simons
44%
défenseur Italie 36 matchs non 35 ans 2020-2021 Alessandro Florenzi
38%
gardien France 2 matchs non 35 ans 2020-2024 Alexandre Letellier
38%
milieu Espagne 95 matchs oui 36 ans 2019-2023 Ander Herrera
38%
gardien Espagne 8 matchs oui 24 ans 2023-2025 Arnau Tenas
38%
milieu France 40 matchs oui 35 ans 2015-2016 Benjamin Stambouli
38%
milieu Espagne 63 ans oui 29 ans 2022-2025 Carlos Soler
38%
milieu Argentine 54 matchs oui 30 ans 2016-2019 Giovani Lo Celso
38%
attaquant France 160 matchs non 42 ans 2008-2013 Guillaume Hoarau
38%
milieu France 32 matchs non 39 ans 2016-2018 Hatem Ben Arfa
38%
attaquant France 33 matchs oui 23 ans 2022-2024 Hugo Ekitike
38%
attaquant France 110 matchs non 38 ans 2011-2014 Jérémy Ménez
38%
attaquant Espagne 18 matchs oui 33 ans 2016-2020 Jesé
38%
attaquant Géorgie 71 matchs oui 25 ans 2025- Khvicha Kvaratskhelia
38%
défenseur France 44 matchs oui 32 ans 2013-2016 Lucas DIgne
38%
attaquant Argentine 92 matchs oui 33 ans 2019-2023 Mauro Icardi
38%
attaquant Italie 41 matchs oui 26 ans 2020-2021 Moise Kean
38%
milieu Brésil 112 oui 44 ans 2010-2013 Nenê
38%
attaquant USA 6 matchs oui 26 ans 2018-2019 Timothy Weah
38%
défenseur Sénégal 75 matchs oui 29 ans 2019-2023 Abdou Diallo
31%
milieu France 227 matchs oui 30 ans 2012-2019 Adrien Rabiot
31%
milieu France 8 matchs oui 23 ans 2021-2023 Edouard Michut
31%
défenseur France 19 matchs oui 20 ans 2021-2023 El Chadaille Bitshiabu
31%
attaquant Cameroun 51 matchs oui 37 ans 2018-2020 Eric Maxim Choupo-Moting
31%
milieu Pays-Bas 38 matchs oui 35 ans 2021-2023 Georginio Wijnaldum
31%
attaquant France 37 matchs oui 18 ans 2024- Ibrahim Mbaye
31%
attaquant France 53 matchs non 32 ans 2011-2018 Jean-Christophe Bahebeck
31%
milieu France 19 matchs non 41 ans 2018-2019 Lassana Diarra
31%
défenseur France 154 matchs oui 33 ans 2015-2024 Layvin Kurzawa
31%
défenseur Pays-Bas 45 matchs oui 25 ans 2019-2021 Mitchel Bakker
31%
attaquant Espagne 98 matchs oui 33 ans 2019-2023 Pablo Sarabia
31%
attaquant France 15 matchs oui 18 ans 2025- Quentin Ndjantou
31%
attaquant France 54 matchs oui 27 ans 2023- Randal Kolo Muani
31%
défenseur France 13 matchs oui 23 ans 2016-2019 Tanguy kouassi
31%
défenseur Allemagne 128 matchs oui 29 ans 2018-2022 Thilo Kehrer
31%
défenseur Espagne 32 matchs oui 36 ans 2017-2018 Yuri Berchiche
31%
attaquant France 78 matchs oui 28 ans 2015-2019 Christopher Nkunku
25%
défenseur Portugal 157 matchs oui 34 ans 2020-2024 Danilo Pereira
25%
défenseur Uruguay 21 matchs non 45 ans 2011-2013 Diégo Lugano
25%
milieu Espagne 7 matchs oui 18 ans 2026- Dro Fernandez
25%
gardien France 41 matchs entraineur 53 ans 2009-2011 Grégory Coupet
25%
attaquant Tunisie 12 match oui 21 ans 2021-2024 Ismaël Gharbi
25%
attaquant France 31 matchs oui 28 ans 2015-2017 Jean-Kévin Augustin
25%
défenseur Espagne 128 match oui 33 ans 2018-2025 Juan Bernat
25%
attaquant France 77 matchs non 38 ans 2011-2013 Kevin Gameiro
25%
défenseur France 1 match oui 33 ans 2010-2013 Loïck Landre
25%
milieu Uruguay 37 matchs oui 24 ans 2023-2024 Manuel Ugarte
25%
milieu Espagne 47 matchs oui 30 ans 2023-2025 Marco Asensio
25%
attaquant Turquie 110 matchs entraineur 39 ans 2009-2012 Mevlüt Erdinç
25%
défenseur France 45 matchs oui 28 ans 2022-2025 Nordi Mukiele
25%
défenseur France 16 matchs oui 26 ans 2017-2019 Stanley Nsoki
25%
défenseur France 15 matchs oui 23 ans 2020-2023 Timothée Pembélé
25%
gardien Cameroun 71 matchs non 39 ans 2007-2011 Apoula Edel
19%
milieu Italie 4 matchs oui 21 ans 2023-2025 Cher Ndour
19%
milieu France 118 matchs non 53 ans 2008-2011 Claude Makélélé
19%
défenseur France 77 matchs oui 27 ans 2018-2024 Colin Dagba
19%
milieu France 192 matchs entraineur 41 ans 2007-2011 Jérémy Clément
19%
milieu Maroc 7 matchs oui 23 ans 2020-2021 Kays Ruiz-Atil
19%
attaquant France 4 matchs oui 29 ans 2013-2014 Kingsley Coman
19%
milieu France 91 matchs directeur sportif 43 ans 2010-2013 Mathieu Bodmer
19%
attaquant France 34 matchs oui 26 ans 2018-2019 Moussa Diaby
19%
attaquant France 180 matchs non 46 ans 2007-2012 Peguy Luyindula
19%
milieu Brésil 39 matchs non 33 ans 2020-2022 Rafinha
19%
gardien Italie 1 match oui 19 ans 2025- Renato Marin
19%
milieu Portugal 27 matchs oui 28 ans 2022- Renato Sanches
19%
défenseur France 380 matchs coordinateur sportif 45 ans 2004-2013 Sylvain Armand
19%
milieu Algérie 3 matchs oui 23 ans 2019-2020 Adil Aouchiche
13%
attaquant France 5 matchs oui 24 ans 2020-2022 Arnaud Kalimuendo
13%
milieu France 16 matchs oui 30 ans 2013-2017 Hervin Ongenda
13%
attaquant Maroc 2 matchs oui 20 ans 2023- Ilyes Housni
13%
milieu France 14 matchs oui 25 ans 2019-2023 Junior Dina-Ebimbe
13%
attaquant France 125 matchs non 49 ans 2008-2011 Ludovic Guily
13%
défenseur Serbie 25 ans non 42 ans 2011-2012 Milan Bisevac
13%
milieu Mali 37 matchs non 41 ans 2011-2013 Mohamed Sissoko
13%
milieu Bénin 105 matchs non 41 ans 2008-2011 Stéphane Sessègnon
13%
milieu France 2 matchs oui 25 ans 2018-2019 Yacine Adli
13%
défenseur France 3 matchs oui 18 ans 2025-2025 Axel Tape
6%
défenseur Brésil 197 matchs non 45 ans 2007-2012 Céara
6%
milieu RDC 36 matchs non 37 ans 2007-2012 Granddi Ngoyi
6%
défenseur Ukraine 30 matchs oui 23 ans 2025- Ilya Zabarnyi
6%
défenseur France 3 matchs oui 24 ans 2019-2020 Loïc Mbe Soh
6%
attaquant Croatie 53 matchs non 46 ans 2008-2010 Mateja Kežman
6%
attaquant Turquie 1 match oui 27 ans 2018-2019 Metehan Güçlü
6%
gardien France 1 match non 51 ans 2012-2013 Ronan Le Crom
6%
défenseur Cote d'Ivoire 75 matchs non 44 ans 2010-2013 Siaka Tiéné
6%
défenseur France 1 match oui 27 ans 2015-2019 Alec Georgen
0%
milieu France 3 matchs oui 26 ans 2018-2019 Antoine Bernède
0%
défenseur Guinée 1 match oui 32 ans 2013-2014 Antoine Conte
0%
défenseur France 1 match oui 24 ans 2018-2019 Arthur Zagré
0%
milieu France 6 matchs oui 25 ans 2020-2022 Bandiougou Fadiga
0%
attaquant Mauritanie 1 match oui 22 ans 2022-2023 Djeidi Gassama
0%
milieu Algérie 3 matchs non 35 ans 2010-2011 Florian Makhedjouf
0%
attaquant Haïti 53 matchs non 39 ans 2007-2014 Jean-Eudes Maurice
0%
attaquant France 7 matchs oui 27 ans 2016-2018 Jonathan Ikoné
0%
défenseur Mali 1 match non 35 ans 2012-2014 Kalifa Traoré
0%
défenseur France 5 matchs oui 35 ans 2014-2019 Kevin Rimane
0%
milieu France 1 match oui 28 ans 2016-2018 Lorenzo Cellegari
0%
attaquant France 30 matchs oui 38 ans 2007-2012 Loris Arnaud
0%
milieu France 1 match oui 23 ans 2021-2022 Nathan Bitumazala
0%
attaquant RDC 9 matchs oui 34 ans 2011-2013 Neeskens Kebano
0%
défenseur Mali 96 matchs non 50 ans 2006-2011 Sammy Traoré
0%
attaquant France 1 match oui 22 ans 2021-2022 Sekou Yansané
0%
milieu France 1 match oui 33 ans 2015-2016 Timothée Taufflieb
0%
défenseur France 27 matchs non 36 ans 2008-2011 Tripy Makonda
0%
attaquant Maroc 1 match non 35 ans 2010-2010 Yacine Qasmi
0%
attaquant Cote d'Ivoire 1 match oui 30 ans 2015-2016 Yakou Méïté
0%
défenseur France 11 matchs oui 19 ans 2024- Yoram Zague
0%
Aucun quiz correspondant
Distribution des résultats
% des personnes avec chaque résultat
Percentile par nombre de réponses
Votre historique - résultats
Vous n’avez pas pris ce quiz depuis la dernière actualisation